000 00339nam a22001217a 4500
999 _c2796
_d2796
005 20200924112215.0
008 200924b ||||| |||| 00| 0 eng d
020 _a27436
040 _cCML
245 _aThe World Book Encyclopedia: F.
260 _aLondon
_bWord Book, Inc.
_c1990
942 _2ddc
_cBK
_eVolume 7
_h030
_kR
_mWOR